El ostracismo del Jeneral D. Bernardo O'Higgins: Escrito sobre documentos inéditos i noticias auténticas
Spremljeno u:
| Glavni autor: | |
|---|---|
| Format: | Knjiga |
| Jezik: | španjolski |
| Izdano: |
Valparaíso
Imprenta i Librería del Mercurio, de Santos Tornero
1860
|
| Izdanje: | 1a. ed |
| Teme: | |
| Oznake: |
Dodaj oznaku
Bez oznaka, Budi prvi tko označuje ovaj zapis!
|
MARC
| LEADER | 00000nam a2200000 a 4500 | ||
|---|---|---|---|
| 001 | UCJ4494 | ||
| 003 | CL-VaPUC | ||
| 008 | 070124e18601126CL |||||||||||||||||spa|d | ||
| 082 | 0 | 4 | |a 983 |b VIC |2 21 |
| 100 | |a Vicuña Mackenna, Benjamín, |d 1831-1886 |x Político e historiador |z Chile |e author |9 374 | ||
| 245 | 1 | 3 | |a El ostracismo del Jeneral D. Bernardo O'Higgins: Escrito sobre documentos inéditos i noticias auténticas |
| 250 | |a 1a. ed | ||
| 300 | |a 575 p | ||
| 942 | |c BK | ||
| 945 | |d 20070124 00:00:00 |a rinostro | ||
| 260 | |a Valparaíso |b Imprenta i Librería del Mercurio, de Santos Tornero |c 1860 | ||
| 500 | |a 8§, media pasta.- Front., retrato de O'Higgins; tres pp. de errata. Vicuña Mackenna hace expresa indicación respecto de que esta obra trata acerca de toda la vida del Libertador, a pesar de que el título pareciera señalar que sólo toca la parte referida a su exilio. Benelli menciona seis láminas grabadas en acero; nuestro ejemplar sólo contiene la del front., O'Higgins, de pié. Fue publicada en El Mercurio en forma de folletín a partir del 12 de diciembre de 1860 | ||
| 600 | 0 | |a O'higgins Riquelme, Bernardo |9 387808 | |
| 650 | 0 | |a Historia de Chile |9 265473 | |
| 650 | 7 | |a BIOGRAFIA |2 CL-VaPUC |9 504622 | |
| 650 | 0 | |a Iconografía |9 267998 | |
| 650 | 7 | |a DOCUMENTOS |2 CL-VaPUC |9 366450 | |
| 650 | 7 | |a FUENTES |2 CL-VaPUC |9 255666 | |
| 650 | 0 | |a Guerra de la independencia |9 331979 | |
| 583 | |a last modification |c 20070124 00:00:00 |k Rodrigo Vera | ||
| 999 | |c 320610 |d 320608 | ||
| 952 | |0 0 |1 0 |4 0 |6 983_000000000000000_VIC_1860 |7 0 |8 X |9 399160 |a FDOBUD |b FDOBUD |d 2019-11-22 |i 101868K |o 983 VIC 1860 |p 101868K |r 2019-11-22 |w 2019-11-22 |y BK_X |k BUD | ||